Tous les blasons des Hautes-Pyrénées - Statistiques

Statistiques générales
  • Ce quiz a été pris 17 fois
    11 depuis la dernière actualisation
  • Le résultat moyen est 44 sur 464
Statistiques - réponses
Par images Réponse % Correct
Adé
71%
Agos-Vidalos
57%
Tarbes
57%
Adast
43%
Adervielle-Pouchergues
43%
Allier
43%
Bagnères-de-Bigorre
43%
Campan
43%
Castelnau-Magnoac
43%
Castelnau-Rivière-Basse
43%
Gavarnie-Gèdre
43%
Lourdes
43%
Séméac
43%
Ancizan
29%
Argelès-Bagnères
29%
Argelès-Gazost
29%
Aureilhan
29%
Barbazan-Debat
29%
Barbazan-Dessus
29%
Beaudéan
29%
Bordères-Louron
29%
Bordères-sur-l'Échez
29%
Cabanac
29%
Capvern
29%
Cauterets
29%
Ger
29%
Germ
29%
Germs-sur-l'Oussouet
29%
Ibos
29%
Jarret
29%
Juillan
29%
Julos
29%
Lanne
29%
Lannemezan
29%
Loudenvielle
29%
Ordizan
29%
Poueyferré
29%
Pouy
29%
Pouzac
29%
Sainte-Marie
29%
Saint-Lary-Soulan
29%
Saint-Laurent-de-Neste
29%
Saint-Martin
29%
Saint-Pé-de-Bigorre
29%
Sère-en-Lavedan
29%
Sère-Lanso
29%
Sère-Rustaing
29%
Tournay
29%
Trébons
29%
Uz
29%
Visker
29%
Andrest
14%
Anères
14%
Anla
14%
Antichan
14%
Antist
14%
Aragnouet
14%
Arbéost
14%
Arcizac-Adour
14%
Arcizac-ez-Angles
14%
Arcizans-Avant
14%
Arcizans-Dessus
14%
Ardengost
14%
Arras-en-Lavedan
14%
Arreau
14%
Arrens-Marsous
14%
Arrodets
14%
Arrodets-ez-Angles
14%
Aspin-Aure
14%
Aspin-en-Lavedan
14%
Asté
14%
Astugue
14%
Aucun
14%
Aulon
14%
Aurensan
14%
Aventignan
14%
Avezac-Prat-Lahitte
14%
Ayros-Arbouix
14%
Ayzac-Ost
14%
Azereix
14%
Barèges
14%
Barlest
14%
Barry
14%
Bartrès
14%
Bazet
14%
Bénac
14%
Berbérust-Lias
14%
Bernac-Debat
14%
Bernac-Dessus
14%
Bertren
14%
Beyrède-Jumet-Camous
14%
Bonnefont
14%
Bonnemazon
14%
Boô-Silhen
14%
Bordes
14%
Boulin
14%
Bourg-de-Bigorre
14%
Bours
14%
Bramevaque
14%
Bun
14%
Burg
14%
Cadéac
14%
Calavanté
14%
Castelbajac
14%
Castéra-Lanusse
14%
Castéra-Lou
14%
Casterets
14%
Castillon
14%
Cazarilh
14%
Chelle-Debat
14%
Chelle-Spou
14%
Cheust
14%
Chèze
14%
Chis
14%
Créchets
14%
Dours
14%
Escondeaux
14%
Esparros
14%
Esquièze-Sère
14%
Ferrère
14%
Ferrières
14%
Fontrailles
14%
Fréchou-Fréchet
14%
Galan
14%
Gazost
14%
Gembrie
14%
Gerde
14%
Geu
14%
Gez
14%
Gez-ez-Angles
14%
Guchan
14%
Guchen
14%
Guizerix
14%
Hauban
14%
Hèches
14%
Hibarette
14%
Hiis
14%
Hitte
14%
Horgues
14%
Ilhet
14%
Ilheu
14%
Izaourt
14%
Juncalas
14%
La Barthe-de-Neste
14%
Labassère
14%
Labastide
14%
Lagarde
14%
Lalanne-Magnoac
14%
Lalanne-Trie
14%
Laloubère
14%
Lamarque-Pontacq
14%
Lamarque-Rustaing
14%
Lanespède
14%
Larreule
14%
Larroque
14%
Laslades
14%
Lau-Balagnas
14%
Layrisse
14%
Les Angles
14%
Lescurry
14%
Lhez
14%
Lies
14%
Lizos
14%
Loubajac
14%
Loucrup
14%
Loudervielle
14%
Louey
14%
Louit
14%
Loures-Barousse
14%
Luc
14%
Luz-Saint-Sauveur
14%
Madiran
14%
Mascaras
14%
Maubourguet
14%
Mauléon-Barousse
14%
Mauvezin
14%
Momères
14%
Monléon-Magnoac
14%
Monlong
14%
Mont
14%
Montgaillard
14%
Nestier
14%
Neuilh
14%
Nouilhan
14%
Odos
14%
Oléac-Debat
14%
Omex
14%
Orignac
14%
Orincles
14%
Orleix
14%
Oroix
14%
Ossun
14%
Ossun-ez-Angles
14%
Oueilloux
14%
Ourde
14%
Ourdis-Cotdoussan
14%
Ourdon
14%
Ozon
14%
Pailhac
14%
Peyraube
14%
Peyret-Saint-André
14%
Pierrefitte-Nestalas
14%
Pinas
14%
Pintac
14%
Pouyastruc
14%
Préchac
14%
Pujo
14%
Rabastens-de-Bigorre
14%
Recurt
14%
Sabalos
14%
Saint-Créac
14%
Saint-Paul
14%
Saint-Savin
14%
Saint-Sever-de-Rustan
14%
Salles
14%
Salles-Adour
14%
Samuran
14%
Sarp
14%
Sarrancolin
14%
Sarriac-Bigorre
14%
Sarrouilles
14%
Ségus
14%
Sireix
14%
Soues
14%
Soulom
14%
Tarasteix
14%
Thèbe
14%
Thermes-Magnoac
14%
Tramezaïgues
14%
Trie-sur-Baïse
14%
Troubat
14%
Tuzaguet
14%
Uzer
14%
Vielle-Adour
14%
Vielle-Aure
14%
Vielle-Louron
14%
Villelongue
14%
Angos
0%
Ansost
0%
Antin
0%
Ariès-Espénan
0%
Arné
0%
Artagnan
0%
Artalens-Souin
0%
Artiguemy
0%
Artigues
0%
Asque
0%
Aubarède
0%
Auriébat
0%
Avajan
0%
Averan
0%
Aveux
0%
Azet
0%
Banios
0%
Barbachen
0%
Bareilles
0%
Barrancoueu
0%
Barthe
0%
Batsère
0%
Bazillac
0%
Bazordan
0%
Bazus-Aure
0%
Bazus-Neste
0%
Beaucens
0%
Bégole
0%
Benqué-Molère
0%
Bernadets-Debat
0%
Bernadets-Dessus
0%
Betbèze
0%
Betpouey
0%
Betpouy
0%
Bettes
0%
Bize
0%
Bizous
0%
Bonrepos
0%
Bouilh-Devant
0%
Bouilh-Péreuilh
0%
Bourisp
0%
Bourréac
0%
Bugard
0%
Bulan
0%
Buzon
0%
Cadeilhan-Trachère
0%
Caixon
0%
Camalès
0%
Camparan
0%
Campistrous
0%
Campuzan
0%
Cantaous
0%
Castelvieilh
0%
Caussade-Rivière
0%
Cazaux-Debat
0%
Cazaux-Fréchet-Anéran-Camors
0%
Cieutat
0%
Cizos
0%
Clarac
0%
Clarens
0%
Collongues
0%
Coussan
0%
Devèze
0%
Ens
0%
Esbareich
0%
Escala
0%
Escaunets
0%
Esconnets
0%
Escots
0%
Escoubès-Pouts
0%
Espèche
0%
Espieilh
0%
Estaing
0%
Estampures
0%
Estarvielle
0%
Estensan
0%
Esterre
0%
Estirac
0%
Fréchède
0%
Fréchendets
0%
Fréchet-Aure
0%
Gaillagos
0%
Galez
0%
Gardères
0%
Gaudent
0%
Gaussan
0%
Gayan
0%
Gazave
0%
Générest
0%
Génos
0%
Gensac
0%
Gonez
0%
Gouaux
0%
Goudon
0%
Gourgue
0%
Grailhen
0%
Grézian
0%
Grust
0%
Hachan
0%
Hagedet
0%
Hautaget
0%
Hères
0%
Houeydets
0%
Hourc
0%
Izaux
0%
Jacque
0%
Jézeau
0%
Labatut-Rivière
0%
Laborde
0%
Lacassagne
0%
Lafitole
0%
Lagrange
0%
Lahitte-Toupière
0%
Laméac
0%
Lançon
0%
Lansac
0%
Lapeyre
0%
Laran
0%
Lascazères
0%
Lassales
0%
Lespouey
0%
Lézignan
0%
Liac
0%
Libaros
0%
Lombrès
0%
Lomné
0%
Lortet
0%
Lubret-Saint-Luc
0%
Luby-Betmont
0%
Lugagnan
0%
Luquet
0%
Lustar
0%
Lutilhous
0%
Marquerie
0%
Marsac
0%
Marsas
0%
Marseillan
0%
Mazères-de-Neste
0%
Mazerolles
0%
Mazouau
0%
Mérilheu
0%
Mingot
0%
Monfaucon
0%
Montastruc
0%
Montégut
0%
Montignac
0%
Montoussé
0%
Montsérié
0%
Moulédous
0%
Moumoulous
0%
Mun
0%
Nistos
0%
Organ
0%
Orieux
0%
Osmets
0%
Ossen
0%
Oursbelille
0%
Ousté
0%
Ouzous
0%
Paréac
0%
Péré
0%
Peyriguère
0%
Peyrouse
0%
Peyrun
0%
Poumarous
0%
Puntous
0%
Puydarrieux
0%
Réjaumont
0%
Ricaud
0%
Ris
0%
Sabarros
0%
Sacoué
0%
Sadournin
0%
Sailhan
0%
Saint-Arroman
0%
Saint-Lanne
0%
Saint-Lézer
0%
Saint-Pastous
0%
Saléchan
0%
Saligos (Vizos)
0%
Sanous
0%
Sariac-Magnoac
0%
Sarlabous
0%
Sarniguet
0%
Sassis
0%
Sauveterre
0%
Sazos
0%
Ségalas
0%
Seich
0%
Sénac
0%
Sentous
0%
Séron
0%
Sers
0%
Siarrouy
0%
Sinzos
0%
Siradan
0%
Sombrun
0%
Soréac
0%
Sost
0%
Soublecause
0%
Souyeaux
0%
Tajan
0%
Talazac
0%
Thuy
0%
Tibiran-Jaunac
0%
Tilhouse
0%
Tostat
0%
Tournous-Darré
0%
Tournous-Devant
0%
Trouley-Labarthe
0%
Uglas
0%
Ugnouas
0%
Vic-en-Bigorre
0%
Vidou
0%
Vidouze
0%
Viella
0%
Vier-Bordes
0%
Vieuzos
0%
Viey
0%
Viger
0%
Vignec
0%
Villefranque
0%
Villembits
0%
Villemur
0%
Villenave-près-Béarn
0%
Villenave-près-Marsac
0%
Viscos
0%
Aucun quiz correspondant
Distribution des résultats
% des personnes avec chaque résultat
Percentile par nombre de réponses
Votre historique - résultats
Vous n’avez pas pris ce quiz depuis la dernière actualisation